Những điểm mới của luật thương mại năm 2005

Đã lưu trong:
书目详细资料
格式: 图书
语言:Undetermined
出版: Hà Nội Tư Pháp 2005
主题:
标签: 添加标签
没有标签, 成为第一个标记此记录!
Thư viện lưu trữ: Trung tâm Học liệu Trường Đại học Cần Thơ
LEADER 00530nam a2200181Ia 4500
001 CTU_105115
008 210402s9999 xx 000 0 und d
020 |c 40000 
082 |a 346.59707 
082 |b Nh556 
245 0 |a Những điểm mới của luật thương mại năm 2005 
245 0 |c Đinh Thị Mai Phương,...[et al.] 
260 |a Hà Nội 
260 |b Tư Pháp 
260 |c 2005 
650 |a Commercial laws 
904 |i M.Loan 
980 |a Trung tâm Học liệu Trường Đại học Cần Thơ